[Event "Ceske Budejovice GM 2018"]
[Site "Ceske Budejovice"]
[Date "2018.06.21"]
[Round "1"]
[White "Stefansson, Hannes"]
[Black "Mirzoev, Azer"]
[Result "0-1"]
[WhiteElo "2541"]
[BlackElo "2506"]
[Annotator "TA"]
[PlyCount "80"]
[EventDate "2018.06.21"]
[EventCountry "CZE"]
[SourceTitle "playchess.com"]
[Source "ChessBase"]
[SourceQuality "1"]

{[%evp 18,80,-25,-37,-26,-45,-30,-46,-14,-18,-12,-23,10,-18,-25,-17,-17,-19,-15,-16,-16,-22,-21,-19,-14,-12,-13,-41,-41,-34,-35,-58,-59,-67,-82,-93,-95,-103,-112,-198,-210,-209,-210,-210,-187,-220,-133,-181,-127,-551,-466,-425,-360,-802,-778,-633,-631,-611,-572,-734,-757,-720,-665,-5916,-5277]} 1. d4 d5 2. c4 e6 3. Nc3 Be7 4. cxd5 exd5 5. Bf4 c6 6. e3 Bf5 7. g4 Be6 8. h3 Nd7 {D31: Queen's Gambit Declined: Semi-Slav without ...Nf6 (+ Marshall Gambit and Noteboom) and Exchange Variation lines without ...Nf6} 9. Bg2 (9. Bd3 g5 10. Bh2 h5 11. f3 Ngf6 12. Qc2 Nb6 13. O-O-O Bd6 14. Qg2 Bxh2 15. Rxh2 Qc7 16. Rh1 {1-0 (56) Mchedlishvili,M (2602)-Jojua,D (2586) Tbilisi 2018}) 9... h5 10. gxh5 {LiveBook: 3 Games} Ngf6 {Black is slightly better.} 11. Bf3 Qb6 {[%mdl 1024] Black has compensation.} 12. h6 $146 ({Predecessor:} 12. Qe2 a5 13. Rc1 a4 14. a3 Qa6 15. Qd1 Nb6 {½-½ (24) Bernasek,J (2470)-Plischki,S (2368) Brezova pod Bradlom 2009}) 12... g6 13. Nge2 Bf8 14. Qd2 O-O-O 15. O-O-O Bxh6 16. Bxh6 Rxh6 17. e4 $1 Rdh8 {...dxe4 is the strong threat.} 18. exd5 Nxd5 19. Nxd5 Bxd5 20. Bxd5 cxd5 21. Kb1 Qd6 22. Qa5 a6 23. Rd3 Kb8 24. Rc1 Nb6 25. Qc5 Qf6 26. Qc7+ Ka7 $1 27. Re3 Qf5+ 28. Qc2 (28. Ka1 $17 {was necessary.} Rc8 29. Qg3) 28... Qxf2 $19 29. Re7 {[#]} Rc8 $1 {[%cal Rc8c2]} ({Inferior is} 29... Rxh3 {[#]} 30. Rxb7+ $1 {[%mdl 512]} Kxb7 31. Qc7+ Ka8 32. Qc6+ Ka7 33. Qc7+ Ka8 34. Qc6+ Ka7 35. Qc7+ Ka8 $11) 30. Nc3 Qf3 31. a4 Qf6 32. Rce1 Rxh3 (32... Qxd4 $19 33. Qb3 Qc4 34. Qxc4 Nxc4) 33. Ka1 $2 {[%mdl 8192]} (33. Qb3 $17 Qf5+ 34. Ka2) 33... Rc4 34. a5 Nc8 35. Rd7 $2 (35. R7e5) 35... Qc6 {Black is clearly winning.} 36. Rxf7 Nd6 37. Rf6 Qc7 38. Qb3 {Strongly threatening Qb6+!} Qxa5+ 39. Qa2 Qb4 40. Rb1 Rcxc3 {Precision: White = 47%, Black = 85%.} 0-1

[Event "Ceske Budejovice GM 2018"]
[Site "Ceske Budejovice"]
[Date "2018.06.21"]
[Round "1"]
[White "Simacek, Pavel"]
[Black "Ovsejevitsch, Sergei"]
[Result "1/2-1/2"]
[WhiteElo "2490"]
[BlackElo "2602"]
[Annotator "TA"]
[PlyCount "81"]
[EventDate "2018.06.21"]
[EventCountry "CZE"]
[SourceTitle "playchess.com"]
[Source "ChessBase"]
[SourceQuality "1"]

{[%evp 12,81,6,7,29,29,34,25,43,28,31,27,30,20,28,0,0,0,0,0,0,0,14,8,0,0,2,-16,0,0,9,-2,0,0,-2,0,0,-6,0,-20,0,-6,7,6,35,40,44,41,56,19,17,8,7,9,9,9,20,23,54,6,52,8,12,12,8,9,29,29,36,34,37,43]} 1. e4 e5 2. Nf3 Nc6 3. Nc3 {[%cal Bb1c3,Bc3e2,Be2g3,Bg3f5][%mdl 32]} Nf6 4. Bb5 Bb4 5. O-O O-O 6. d3 d6 7. Ne2 {LiveBook: 226 Games} Bd7 {C49: Four Knights: 4 Bb5 Bb4} (7... Ne7 8. c3 Ba5 9. Ng3 c6 10. Ba4 Ng6 11. d4 Re8 12. Bc2 Bb6 13. Be3 Bg4 14. h3 Bxf3 15. Qxf3 d5 16. Bg5 Qd6 17. Bxf6 Qxf6 18. Qxf6 gxf6 19. Nh5 Re6 20. Bb3 Ne7 21. exd5 cxd5 22. Rad1 Rd8 23. Rd3 Kf8 24. g3 {½-½ (24) Safarli,E (2657)-Bacrot,E (2714) Brest 2018}) (7... a6 8. Bxc6 bxc6 9. c3 Bc5 10. Ng3 Re8 11. Re1 Bb6 12. h3 h6 13. d4 exd4 14. Nxd4 c5 15. Ndf5 Bxf5 16. Nxf5 Nxe4 {½-½ (56) Simacek,P (2498)-Ovsejevitsch,S (2601) Ceske Budejovice 2017}) 8. c3 {[#] Strongly threatening Bxc6.} Ba5 9. Ng3 h6 {White has an edge.} 10. Ba4 $146 ({Predecessor:} 10. a4 a6 11. Bc4 Bb6 12. Be3 Bxe3 13. fxe3 Ng4 14. Qe2 Be6 15. Bxe6 fxe6 {½-½ (48) Cunningham,R (2248)-Singer,C (2355) Ortisei 2016}) 10... Re8 11. Re1 Ne7 12. d4 Ng6 13. dxe5 dxe5 14. Nf5 Bb6 15. Be3 Bxa4 16. Qxa4 Qd7 17. Qxd7 Nxd7 18. Nd2 Bxe3 19. Rxe3 Rad8 20. Nb3 Nf6 21. g3 b6 22. f3 a5 23. Rae1 Rd7 24. R3e2 Red8 25. Kf2 Nf8 26. Ne3 a4 27. Na1 b5 28. Nac2 Ne6 29. Nb4 Nc5 30. Ned5 (30. Rc2 {seems wilder.} Nd3+ 31. Nxd3 Rxd3 32. c4 b4 33. Nd5) 30... Kf8 31. Kf1 Nxd5 32. exd5 f6 33. Rc1 Ra8 34. c4 Na6 35. Nc6 bxc4 36. Rd2 Nb8 37. Nxb8 Rxb8 38. Rxc4 Rb5 39. Rxa4 Rbxd5 40. Rxd5 Rxd5 41. Ke2 {Precision: White = 70%, Black = 49%.} 1/2-1/2

[Event "Ceske Budejovice GM 2018"]
[Site "Ceske Budejovice"]
[Date "2018.06.21"]
[Round "1"]
[White "Svoboda, Svatopluk"]
[Black "Cernousek, Lukas"]
[Result "1/2-1/2"]
[WhiteElo "2434"]
[BlackElo "2462"]
[Annotator "TA"]
[PlyCount "32"]
[EventDate "2018.06.21"]
[EventCountry "CZE"]
[SourceTitle "playchess.com"]
[Source "ChessBase"]
[SourceQuality "1"]

{[%evp 19,32,10,0,-8,-8,-7,-16,-45,-46,-54,-39,-50,-41,-38,0]} 1. e4 c6 2. d4 d5 3. exd5 cxd5 4. Bd3 Nc6 5. c3 Qc7 6. Ne2 Bg4 7. O-O {B13: Caro-Kann (Abtausch-Variante 4.c4)} e6 (7... Nf6 8. Qe1 Bxe2 9. Qxe2 g6 10. f4 Bh6 11. Nd2 O-O 12. Qf2 e6 13. Qh4 Bg7 14. Nf3 Ne7 {1-0 (49) Piorun,K (2651)-Rodshtein,M (2699) Katowice 2017}) 8. Qe1 Nf6 9. f3 Bh5 10. Qh4 h6 {LiveBook: 3 Partien} 11. g4 $146 ({Vorgänger:} 11. Qh3 Bd6 12. Ng3 Bxg3 13. Qxg3 Qxg3 14. hxg3 Bg6 15. Be2 h5 16. Nd2 Nd7 17. Nb3 f6 18. Kf2 Bf5 19. Be3 Kf7 20. a4 {½-½ (20) Santos Ruiz,M (2505)-Sorokin,A (2486) Mamaia 2017}) 11... Bg6 12. Bxg6 fxg6 {[%cal Bf7g6,Bg6g5][%mdl 32]} 13. Nf4 Kf7 $1 {Schwarz steht etwas besser.} 14. Nd3 Bd6 $1 15. f4 {[#]} g5 $1 {[%mdl 512]} 16. Qe1 (16. fxg5 hxg5) 16... gxf4 1/2-1/2

[Event "Ceske Budejovice GM 2018"]
[Site "Ceske Budejovice"]
[Date "2018.06.21"]
[Round "1"]
[White "Plischki, Sebastian"]
[Black "Bures, Jaroslav"]
[Result "1/2-1/2"]
[WhiteElo "2413"]
[BlackElo "2406"]
[Annotator "TA"]
[PlyCount "51"]
[EventDate "2018.06.21"]
[EventCountry "CZE"]
[SourceTitle "playchess.com"]
[Source "ChessBase"]
[SourceQuality "1"]

{[%evp 10,51,2,-4,4,5,16,17,24,18,20,20,21,-34,-32,-30,-31,-30,-18,-20,0,-22,-16,-31,0,0,0,0,0,0,0,0,0,-71,0,-22,26,26,26,26,26,11,26,26]} 1. Nf3 d5 2. c4 d4 3. b4 f6 4. Na3 (4. d3 e5 5. a3 a5 6. b5 Ne7 7. e3 dxe3 8. fxe3 Nf5 9. g4 Nd6 10. Rg1 Be6 11. Qc2 Nd7 12. d4 {½-½ (33) Ding,L (2777)-Giri,A (2772) Wenzhou 2017}) 4... e5 5. Nc2 a5 6. b5 {LiveBook: 9 Games. A09: Réti Opening: 1 Nf3 d5 2 c4} c5 7. d3 Nd7 $146 ({Predecessor:} 7... Bd6 8. e3 Nd7 9. g3 b6 10. Bg2 Bb7 11. O-O Qc7 {1-0 (75) Londyn,R (2404)-Gusain,H (2453) Prague 2016}) 8. g3 {The position is equal.} b6 9. Bg2 {[#] Strongly threatening Nfxd4.} Bb7 10. O-O Qc7 11. e4 (11. Nh4 $11) 11... g6 $15 12. Nh4 Bh6 13. f4 exf4 14. gxf4 Ne7 15. a4 O-O-O 16. Ra2 f5 17. e5 Nf8 18. Ne1 Ne6 19. Bxb7+ Qxb7 20. Nhg2 Rhg8 21. Qf3 {[#]} (21. h4 $11 {remains equal.}) 21... Qxf3 ({Better is} 21... g5 $1 $17 22. Qh5 Rg6) 22. Nxf3 Kd7 23. h4 Bf8 24. Kf2 Rg7 25. Rh1 h5 26. Re2 {Precision: White = 61%, Black = 70%.} 1/2-1/2

[Event "Ceske Budejovice GM 2018"]
[Site "Ceske Budejovice"]
[Date "2018.06.21"]
[Round "1"]
[White "Nguyen, Piotr"]
[Black "Voloshin, Leonid"]
[Result "1/2-1/2"]
[WhiteElo "2397"]
[BlackElo "2383"]
[Annotator "TA"]
[PlyCount "123"]
[EventDate "2018.06.21"]
[EventCountry "CZE"]
[SourceTitle "playchess.com"]
[Source "ChessBase"]
[SourceQuality "1"]

{[%evp 9,123,-2,10,-16,1,-2,25,16,25,17,6,4,18,19,65,22,49,52,54,52,91,80,126,122,135,128,144,130,147,131,137,145,142,114,216,216,215,220,391,372,544,527,498,458,480,314,341,340,317,314,348,339,349,372,409,400,379,360,345,340,343,326,458,446,666,616,672,673,647,472,454,170,270,66,65,45,53,39,39,39,39,39,56,47,88,90,88,88,88,20,20,20,20,20,20,20,20,16,20,8,8,8,12,12,12,12,20,8,12,8,8,8,8,8,8,8]} 1. f4 d5 2. Nf3 g6 3. g3 Bg7 4. Bg2 Nc6 5. O-O (5. d4 Bg4 6. e3 Nf6 7. h3 Be6 8. Nbd2 h5 9. c3 Qd7 10. Ng5 Bh6 11. Nxe6 Qxe6 12. Qe2 g5 {0-1 (25) Movsziszian,K (2495)-Oliva Castaneda,K (2491) Castell de Sant Ferran 2016}) 5... Nh6 6. Nc3 {[%cal Bb1c3,Bc3e4,Be4c5][%mdl 32] A03: Bird's Opening with 1...d5} O-O 7. e3 $146 ({Predecessor:} 7. d3 d4 8. Ne4 Nf5 9. c3 Nd6 10. Nxd4 Nxd4 11. cxd4 Bxd4+ 12. e3 Bg7 {½-½ (23) Virostko,P (2290)-Chloupek,S (2324) Czechia 2005}) 7... Nf5 8. d3 {White has an edge.} d4 9. exd4 Ncxd4 10. Ne5 c6 11. Ne4 Nb5 12. c3 Nfd6 13. a4 Nc7 $1 14. Be3 Be6 15. Nc5 Bc8 16. a5 $1 $36 {[%mdl 2048] White is in control.} Nd5 17. Bf2 a6 18. c4 Nf6 19. d4 Nd7 20. b4 (20. Nexd7 Bxd7 21. Qe2 (21. Nxd7 Qxd7 22. Qb3 Qc7 $14) 21... h5 $14) 20... Rb8 21. Qe2 Nf6 (21... Nxc5 $16 22. dxc5 Nf5) 22. Rad1 $18 Re8 23. g4 Nd7 $2 (23... Qc7 {might work better.} 24. Rfe1 Bh6) 24. d5 cxd5 (24... Nxc5 {is a better defense.} 25. Bxc5 Bd7 26. dxc6 bxc6) 25. Bxd5 (25. Nexd7 Bxd7 26. Bxd5 Bc8 $16) 25... Rf8 26. Rfe1 Nf6 27. Bf3 Qc7 28. Na4 {aiming for Bb6.} Be6 29. Bb6 Qc8 30. Nc5 Nfe8 31. Nxe6 fxe6 32. c5 Nb5 33. Rd8 Qxd8 34. Bxd8 Rxd8 35. Bxb7 Nec7 (35... Rxf4 {was worth a try.} 36. Nc6 (36. Bxa6 Nd4 $11) 36... Nd4) 36. Nc6 Rd7 (36... Nc3 $142) 37. Bxa6 Nc3 38. Qc4 Rd2 39. Bb7 N3d5 40. a6 $2 (40. f5) 40... Rxf4 {[#]} (40... Nxf4 $142 41. Qb3 (41. Nxe7+ Kh8 $16) 41... Rd3) 41. Nxe7+ $2 (41. Qb3 $1 $18) 41... Kf7 $14 42. Qc1 Rxg4+ 43. Kh1 Rgg2 44. Qxd2 $1 Rxd2 45. Nxd5 exd5 46. a7 Ra2 {[#]} 47. a8=Q $1 {[%mdl 512]} Rxa8 (47... Nxa8 $2 {too greedy.} 48. Bxd5+ Kf8 49. Bxa2 $18) 48. Bxa8 Nxa8 {[#]} 49. b5 (49. Rb1 $1 $16) 49... Bd4 $11 {The position is equal.} 50. b6 Nxb6 $1 51. cxb6 Bxb6 {[%mdl 4096] Endgame KR-KB} 52. Re5 d4 53. Kg2 h5 54. Kf3 Bc7 55. Re2 Ba5 56. Ke4 Bc3 57. Rf2+ Ke6 58. h3 Ba1 59. Ra2 Bc3 60. Ra6+ Kf7 61. Rc6 Kg7 62. Rd6 {Precision: White = 60%, Black = 51%.} 1/2-1/2

[Event "Ceske Budejovice GM 2018"]
[Site "Ceske Budejovice"]
[Date "2018.06.22"]
[Round "2"]
[White "Ovsejevitsch, Sergei"]
[Black "Plischki, Sebastian"]
[Result "1/2-1/2"]
[WhiteElo "2602"]
[BlackElo "2413"]
[Annotator "TA"]
[PlyCount "57"]
[EventDate "2018.06.21"]
[EventCountry "CZE"]
[SourceTitle "playchess.com"]
[Source "ChessBase"]
[SourceQuality "1"]

{[%evp 16,57,46,21,46,38,38,26,37,23,21,14,43,31,37,37,37,0,0,2,8,0,25,18,25,24,36,24,51,47,43,33,67,28,37,29,41,34,33,33,30,23,40,35]} 1. Nf3 Nf6 2. c4 e6 3. d4 Bb4+ 4. Nbd2 O-O 5. a3 Be7 6. e4 d6 7. Bd3 Nbd7 {[%cal Bb8d7,Bd7c5,Bc5a6,Ba6b4][%mdl 32]} 8. O-O e5 9. Re1 {LiveBook: 8 Partien. E11: Damenindisch (Bogoljubow-Variante)} c6 (9... Re8 10. h3 Bf8 11. b3 g6 12. Bb2 Bg7 13. Qc2 b6 14. Rac1 Bb7 15. b4 c5 16. bxc5 bxc5 {1-0 (58) Kovalenko,I (2702)-Neiksans,A (2596) Liepaja 2015}) 10. b3 Re8 11. d5 $146 ({Vorgänger:} 11. Bb2 Bf8 12. Qc2 Nh5 13. Bf1 g6 14. Rad1 b6 15. b4 Qe7 16. c5 dxc5 17. dxe5 {0-1 (31) Murali Krishnan,B (2221)-Karthik,V (2476) Chennai 2018}) 11... Nc5 12. Bc2 a5 13. Rb1 Bd7 14. b4 axb4 15. axb4 Na6 16. Bd3 c5 17. b5 Nb4 18. Bf1 Bf8 19. Re3 g6 20. Ra3 Bh6 21. h3 Qb6 22. Rba1 Rxa3 23. Rxa3 Rf8 24. g3 Bc8 25. Bg2 Nd7 26. Nh4 Qd8 27. Nf1 Bxc1 28. Qxc1 Kg7 29. Ne3 {Precision: Weiß = 44%, Schwarz = 38%.} 1/2-1/2

[Event "Ceske Budejovice GM 2018"]
[Site "Ceske Budejovice"]
[Date "2018.06.22"]
[Round "2"]
[White "Mirzoev, Azer"]
[Black "Simacek, Pavel"]
[Result "1/2-1/2"]
[WhiteElo "2506"]
[BlackElo "2490"]
[Annotator "TA"]
[PlyCount "95"]
[EventDate "2018.06.21"]
[EventCountry "CZE"]
[SourceTitle "playchess.com"]
[Source "ChessBase"]
[SourceQuality "1"]

{[%evp 9,95,34,68,52,83,81,75,75,105,59,81,56,51,44,54,58,52,58,52,0,22,0,43,43,45,54,50,43,46,34,38,17,57,54,50,55,58,43,50,31,96,70,119,120,115,97,99,95,103,22,23,22,23,24,27,22,29,23,118,125,120,119,165,148,216,74,74,75,259,70,214,200,200,195,185,184,192,146,137,0,0,0,0,0,0,0,0,0]} 1. d4 Nf6 2. Nf3 c5 3. e3 d5 4. dxc5 Qa5+ 5. Nbd2 Bg4 (5... Qxc5 6. c4 g6 7. cxd5 Bg7 8. e4 Ng4 9. Qe2 O-O 10. Nb3 Qb6 11. h3 Nf6 12. Qc4 e6 {½-½ (28) Bruzon Batista,L (2614)-Dominguez Perez,L (2677) Santa Clara 2007}) 6. c4 $146 {D04: Colle System} ({Predecessor:} 6. b4 Qxb4 7. Rb1 Qxc5 8. Rxb7 Qc8 9. Rb1 e6 10. h3 Bxf3 11. Nxf3 Be7 12. Bb5+ Nbd7 {½-½ (69) Rogers,J (2338)-Cox,J (2308) West Bromwich 2003}) 6... Bxf3 7. Qxf3 e6 8. cxd5 {White is better.} exd5 9. a3 Nc6 10. Rb1 {aiming for b4.} Qxc5 11. b4 Qc2 12. Bb2 Be7 $1 13. Qd1 Qg6 14. Nf3 Ne4 15. Rc1 Rd8 16. g3 O-O 17. Bg2 Bf6 18. Bxf6 Qxf6 19. O-O Qb2 20. Ra1 d4 21. Nxd4 Nxd4 22. exd4 Rxd4 23. Qc1 Qxc1 24. Raxc1 b6 ({Black should play} 24... Nd6 $1 $14) 25. Rfd1 Nd2 26. Rc7 a5 27. Rb7 axb4 28. axb4 Rd6 29. h4 (29. b5 $16) 29... g6 $11 30. Rc1 $36 {[%mdl 2048] Black is under pressure.} Rfd8 31. Rc6 Rxc6 32. Bxc6 {[%mdl 4096] Endgame KRB-KRN} Nc4 33. Bb5 Rd4 (33... Rd1+ $11 34. Kg2 Ne5) 34. Bxc4 Rxc4 35. Rxb6 $16 {KR-KR} h5 36. Kg2 Rc3 (36... Kf8 $16 37. Kf3 Ke7 38. Rb7+ Ke6) 37. Rf6 (37. b5 $18) 37... Rb3 38. Rf4 $1 f5 $2 (38... Kg7 $16 {might work better.}) 39. Kf1 $2 (39. Rc4 $18) 39... Rb2 (39... Kf7 $1 $14) 40. Ke1 Kf7 41. Kd1 $1 Ke6 {[#]} 42. Kc1 $1 {[%cal Rc1b2]} Re2 43. b5 Kd5 {[#]} 44. b6 (44. Rb4 $1 $16) 44... Kc6 $11 {The position is equal.} 45. Rb4 {And now b7 would win.} Kb7 46. Rb2 Rxb2 47. Kxb2 {Kc3 is the strong threat.} Kxb6 48. Kc3 {Precision: White = 52%, Black = 40%.} 1/2-1/2

[Event "Ceske Budejovice GM 2018"]
[Site "Ceske Budejovice"]
[Date "2018.06.22"]
[Round "2"]
[White "Cernousek, Lukas"]
[Black "Stefansson, Hannes"]
[Result "1/2-1/2"]
[WhiteElo "2462"]
[BlackElo "2541"]
[Annotator "TA"]
[PlyCount "111"]
[EventDate "2018.06.21"]
[EventCountry "CZE"]
[SourceTitle "playchess.com"]
[Source "ChessBase"]
[SourceQuality "1"]

{[%evp 24,111,16,15,14,14,16,3,24,16,37,24,32,24,34,25,34,31,37,20,34,21,27,20,39,39,44,26,25,13,30,21,19,22,21,18,29,32,27,27,27,27,28,27,34,9,14,8,41,41,84,70,70,63,65,63,106,122,114,99,128,127,213,198,41,0,0,0,14,0,0,0,0,0,0,0,0,0,0,0,0,0,0,0,0,8,8,8,8,0]} 1. e4 e5 2. Nf3 Nc6 3. Bb5 Nf6 4. O-O Nxe4 5. Re1 Nd6 6. Nxe5 Be7 7. Bf1 Nxe5 8. Rxe5 O-O 9. Nc3 {C67: Spanische Partie (Berliner Verteidigung)} (9. d4 Bf6 10. Re1 Nf5 11. d5 Re8 12. Rxe8+ Qxe8 13. Qd3 d6 14. Nd2 Bg5 15. Nf3 Bxc1 16. Rxc1 Bd7 17. Re1 Qd8 18. Qc4 {1-0 (31) Carlsen,M (2843)-Aronian,L (2764) Stavanger 2018}) 9... Bf6 10. Re1 Re8 11. Nd5 Rxe1 12. Nxf6+ Qxf6 13. Qxe1 {LiveBook: 4 Partien} b6 {[#]} 14. c3 $146 ({Vorgänger:} 14. f3 Bb7 15. Qf2 Re8 16. d4 Nf5 {½-½ (46) Yu,Y (2724)-Ni,H (2704) China 2015}) 14... Bb7 15. f3 Re8 16. Qf2 Nf5 17. d4 h5 18. Bd2 Kf8 19. Re1 Rxe1 20. Qxe1 d6 21. Bb5 {[%csl Gb5][%cal Re1e8] [#]} (21. Bd3 {is interesting.} g6 22. Qc1 Qe6 23. b3 Kg7 24. Kf2) 21... Qe7 22. Qxe7+ (22. Bd3 {looks sharper.} Qxe1+ 23. Bxe1 Ne7 24. c4 f6 25. Kf2) 22... Kxe7 $14 {[%mdl 4096] Endspiel KLL-KLS} 23. Kf2 h4 24. Bd3 Kf6 25. Ke2 g5 26. Be1 Ng7 27. Bf2 Ne6 28. g3 hxg3 29. hxg3 g4 30. fxg4 Ng5 31. Ke3 Bf3 32. Bf5 Bd5 33. b3 Be6 34. Bd3 Bxg4 35. Bb5 Bf3 36. g4 {[#] Schwarz muss nun Lh4 beachten.} Kg6 37. Kf4 {Und weiter mit Ld3+ wäre nett.} Bb7 38. Bd3+ Kh6 $1 39. Kf5 Nh7 40. Bh4 Bc8+ 41. Kf4 Kg7 42. Bf5 Bxf5 (42... Be6 $16) 43. Kxf5 $16 {KL-KS} ({Jedoch nicht} 43. gxf5 $6 Nf6 $14) 43... Kf8 44. Bf6 (44. c4 {feels hotter.} Ke8 45. b4 a6 46. a4 Nf8 47. Bg5) 44... Nxf6 {Die Stellung ist ausgeglichen.} 45. Kxf6 $11 {KB-KB} Ke8 46. a4 a6 47. c4 a5 48. g5 Kf8 $1 49. g6 fxg6 50. Kxg6 Ke7 51. Kf5 Kd7 52. Kf6 d5 53. Ke5 dxc4 54. bxc4 Ke7 $1 55. Kd5 {Droht stark Kc6.} Kd7 $1 56. Ke5 {Precision: Weiß = 61%, Schwarz = 57%.} 1/2-1/2

[Event "Ceske Budejovice GM 2018"]
[Site "Ceske Budejovice"]
[Date "2018.06.22"]
[Round "2"]
[White "Nguyen, Piotr"]
[Black "Svoboda, Svatopluk"]
[Result "1/2-1/2"]
[WhiteElo "2397"]
[BlackElo "2434"]
[Annotator "TA"]
[PlyCount "113"]
[EventDate "2018.06.21"]
[EventCountry "CZE"]
[SourceTitle "playchess.com"]
[Source "ChessBase"]
[SourceQuality "1"]

{[%evp 14,113,26,37,59,65,63,39,60,40,32,39,64,54,52,62,59,70,64,33,27,34,30,29,25,15,24,18,22,18,20,15,15,15,15,16,20,22,56,30,55,16,29,11,10,0,185,195,195,194,556,532,701,701,1181,1152,1119,1109,904,0,849,238,414,229,739,706,735,0,736,728,772,230,148,0,756,753,833,514,475,254,456,104,97,51,102,0,161,154,245,225,206,0,0,0,0,0,0,0,0,0,0,0]} 1. c4 Nf6 2. g3 g6 3. Bg2 d5 4. cxd5 Nxd5 5. Nc3 Nb6 6. d3 Bg7 7. Be3 Nc6 8. Nf3 {LiveBook: 68 Games} Nd5 {A16: English Opening: 1...Nf6 with ...d5} (8... O-O 9. Qd2 Bg4 10. h3 Bxf3 11. Bxf3 Qd7 12. Rc1 Rad8 13. Bg2 Qc8 14. Nb5 Qe6 15. Nxc7 Qxa2 16. O-O {1-0 (68) Malakhov,V (2722)-Bartel,M (2609) Warsaw 2010}) 9. Nxd5 Qxd5 10. Qd2 Qb5 {White is slightly better.} 11. Rb1 Be6 12. b3 O-O 13. O-O Rfd8 14. Rfc1 Bd5 $146 ({Predecessor:} 14... a5 15. Ng5 Bd7 16. Ne4 {0-1 (36) Melaugh,G (1936)-Wolferink,F (2095) Bunratty 2017}) 15. a4 Qa6 16. Bh6 Bxh6 17. Qxh6 Bxf3 $1 18. Bxf3 Nd4 19. Qe3 Nxf3+ 20. Qxf3 c6 21. Qe3 Qb6 22. Rc5 (22. Qxe7 Re8 $15) 22... Rd6 23. b4 Re6 24. Qd2 a6 25. Rbc1 {[%cal Bb1c1,Bc1c4,Bc4h4][%mdl 32]} Rd8 26. R1c4 {Hoping for Qh6.} Kg7 27. Rh4 {Threatening mate with Qh6+.} h5 $1 28. a5 Qc7 29. g4 {[%cal Bg3g4,Bg4h5][%mdl 32]} f6 $2 (29... Rd5 $1 $11 {and Black is okay.}) 30. gxh5 $40 {[%mdl 128] Black is in trouble.} g5 31. Rg4 $1 Kf7 $2 (31... Re5 32. Rcc4 Kh7) 32. h4 gxh4 33. Qh6 {White wants to mate with Qg6+.} Rxe2 34. Qg6+ Ke6 35. Qf5+ Kf7 36. Qg6+ Ke6 {With the idea ...Re1+.} 37. Rxh4 $2 (37. Kf1) 37... Re1+ 38. Kg2 {h6 is the strong threat.} Qb8 $2 (38... Qd6) 39. Qf5+ Kf7 40. Qg6+ Ke6 {aiming for ...Rg8.} 41. Rg4 Rh8 42. Qf5+ $2 (42. h6 Qf8 43. Qf5+ Kd6 44. Rg7) 42... Kf7 43. Qg6+ $2 {[%mdl 8192]} (43. b5 $16 axb5 44. Qg6+ Ke6 45. Qf5+ Kf7 46. a6 (46. Qg6+ Ke6 $14)) 43... Ke6 44. h6 Qf8 45. Rh5 Qf7 46. Qf5+ Kd6 47. Rd4+ $2 (47. Rg7 $18 Qb3 48. Qf4+ Kd7 49. Qg4+ Qe6 50. Qxe6+ Rxe6 51. Rh3) 47... Kc7 $16 48. h7 ({Much weaker is} 48. Rd7+ Kb8 $14) 48... e6 $1 {[%cal Re6f5] [#]} 49. Qc5 (49. Qh3 $1 $16) 49... Qg7+ $2 (49... Qg6+ $11 {and Black has nothing to worry.} 50. Kf3 Kc8) 50. Kf3 $18 {And now Rg4 would win.} f5 (50... Re5 $16 51. Rxe5 fxe5 52. Qd6+ Kc8 53. Qxe6+ Kc7) 51. b5 $1 {[%cal Rb5a6]} e5 {[#]} 52. Qd6+ $2 ({White has to play} 52. b6+ $1 $18 Kc8 53. Rdh4) 52... Kc8 $11 {The position is equal.} 53. Qe6+ Kb8 54. Qd6+ Kc8 $1 55. Qe6+ Kb8 56. Qd6+ Kc8 $1 57. Qe6+ {Precision: White = 54%, Black = 50%.} 1/2-1/2

[Event "Ceske Budejovice GM 2018"]
[Site "Ceske Budejovice"]
[Date "2018.06.22"]
[Round "2"]
[White "Voloshin, Leonid"]
[Black "Bures, Jaroslav"]
[Result "1/2-1/2"]
[WhiteElo "2383"]
[BlackElo "2406"]
[Annotator "NA"]
[PlyCount "21"]
[EventDate "2018.06.21"]
[EventCountry "CZE"]
[SourceTitle "playchess.com"]
[Source "ChessBase"]
[SourceQuality "1"]
[TimeControl "40/5400+30:1800+30"]

1. c4 {[%emt 0:01:04]} e5 {[%emt 0:00:09]} 2. a3 {[%emt 0:00:23]} Nf6 {[%emt 0:03:05]} 3. e3 {[%emt 0:00:36]} c5 {[%emt 0:04:19]} 4. d4 {[%emt 0:06:16]} d6 {[%emt 0:08:03]} 5. Nc3 {[%emt 0:05:57]} Nc6 {[%emt 0:02:48]} 6. d5 {[%emt 0:00:50]} Ne7 {[%emt 0:00:07]} 7. e4 {[%emt 0:03:51]} h5 {[%emt 0:02:41]} 8. Bg5 {[%emt 0:07:41]} Ng6 {[%emt 0:01:34]} 9. h4 {[%emt 0:03:31]} Be7 {[%emt 0:00:04]} 10. Bxf6 {[%emt 0:05:48]} Bxf6 {[%emt 0:04:25]} 11. g3 {[%emt 0:00:59]} 1/2-1/2